000 00907nam a22002777a 4500
001 9369
003 FISKH
005 20251215090710.0
008 251215b cb ||||| |||| 00| 0 eng d
020 _a9781435831131
040 _aFISKH
_beng
_cFISKH
_dFISKH
050 _aGB512.M57
082 _a551.43
100 _aMis, Melody S.
_eAuthor
245 _aExploring mountains :
_bGeography zone /
_cMelody S. Mis
260 _aNew York :
_bThe Rosen Publishing Group ,
_c2009
300 _a24 pages :
_bphotographs ;
_c21 cm
505 _aN
520 _aPhotographs and simple text examines different mountains around the world, how they are formed, the effects of erosion, life on mountains, and other related topics.
521 8 _a600
_bLexile estimate
521 8 _aN
_bRaz-Plus
650 _aExploration
_vMountains
650 _aGeography
_vEarth
942 _2ddc
_cBK
_n0
999 _c9369
_d9369